00867nam a2200181Ia 4500008004100000020001500041050002100056082002000077100004100097245011000138250001800248260003300266300001800299504003300317505026100350651003500611651003900646120625s2003 mx 000 0 spa d a9681862902 4aHN113 bR63 2003 a338.972 bR685e aRodas Carpizo, Alejandro R. eautor 10aEstructura socioeconómica de México c / Alejandro Roberto Rodas Carpizo, Carlos Alberto Rodas Arroyo a4a. edición3 aMéxico b : Limusac, 2003 a260 páginas aBibliografía (pp. 259-260)1 aDemografía Salud pública Educación Actividades económicas primarias Industrialización Comercio interior y exterior en México Finanzas públicas Evolución de la economía La energía y su impacto en e desarrollo dela humanidad Estadístico aMÉXICOxCONDICIONES SOCIALES aMÉXICOxCONDICIONES ECONÓMICAS